| 000 | 00514cam a2200193ua 4500 | ||
|---|---|---|---|
| 001 | 353 | ||
| 008 | 110330n ii |||gr||||Z||||||asm | ||
| 040 | _cMAIN | ||
| 082 | _a320.5 | ||
| 245 | 1 |
_aSnatak mahalar rajnaitik tattwa _cby Kripesh Chandra Paul |
|
| 250 | _a4th. | ||
| 260 |
_aGuwahati: _bArun,997. |
||
| 300 |
_axii, 868p.: _c25cm. |
||
| 653 | _aPolitical science | ||
| 653 | _aRajnaitik tattwa | ||
| 700 |
_aPaul, Kripesh Chandra. , _eAuthor. |
||
| 700 |
_aNayak, Pratul Chandra., _eAuthor. |
||
| 942 | _cBK | ||
| 999 |
_c302 _d302 |
||